[Event "Patras Finest Rapid 1st"]
[Site "Patras"]
[Date "2022.07.03"]
[Round "4"]
[White "Karamalis, Georgios"]
[Black "Zamprakos, Efthymios"]
[Result "0-1"]
[WhiteElo "1880"]
[BlackElo "1857"]
[PlyCount "48"]
[EventDate "2022.07.03"]
[EventType "swiss (rapid)"]
[EventRounds "7"]
[EventCountry "GRE"]
[SourceTitle "EXT 2023"]
[Source "ChessBase"]
[SourceDate "2022.10.05"]
[SourceVersion "1"]
[SourceVersionDate "2022.10.05"]
[SourceQuality "1"]

1. e4 c5 2. Nf3 d6 3. Bb5+ Nd7 4. c3 a6 5. Bd3 b5 6. 0-0 Bb7 7. Re1 e6 8. a4 c4 9. Bf1 Ngf6 10. e5 dxe5 11. axb5 axb5 12. Rxa8 Qxa8 13. Nxe5 Be7 14. b3 Qa2 15. bxc4 bxc4 16. Bxc4 Qxb1 17. Nxf7 Qg6 18. Nd6+ Bxd6 19. Rxe6+ Be7 20. g3 Qg4 21. Qb3 Qf3 22. Kf1 Ng4 23. Ke1 Qh1+ 24. Ke2 Bf3+ 0-1

[Event "Patras Finest Rapid 1st"]
[Site "Patras"]
[Date "2022.07.03"]
[Round "6"]
[White "Spiliopoulos, Alexios"]
[Black "Zamprakos, Efthymios"]
[Result "1-0"]
[WhiteElo "1678"]
[BlackElo "1857"]
[PlyCount "109"]
[EventDate "2022.07.03"]
[EventType "swiss (rapid)"]
[EventRounds "7"]
[EventCountry "GRE"]
[SourceTitle "EXT 2023"]
[Source "ChessBase"]
[SourceDate "2022.10.05"]
[SourceVersion "1"]
[SourceVersionDate "2022.10.05"]
[SourceQuality "1"]

1. d4 Nf6 2. Nf3 c5 3. c4 cxd4 4. Nxd4 Nc6 5. Nc3 g6 6. e4 d6 7. Be2 Bg7 8. Be3 0-0 9. 0-0 Nxd4 10. Bxd4 Be6 11. Rc1 Qa5 12. Nd5 Bxd5 13. exd5 Rfe8 14. a3 Qc7 15. b3 a5 16. Qd3 Nd7 17. Bxg7 Kxg7 18. Qd4+ Kg8 19. h4 Qc5 20. Qxc5 Nxc5 21. b4 axb4 22. axb4 Ne4 23. Ra1 b6 24. Bd3 Nf6 25. Rfc1 Rec8 26. Kf1 Nd7 27. f4 Kg7 28. Ke2 Kf6 29. Ke3 e5 30. dxe6 fxe6 31. g4 e5 32. g5+ Ke7 33. f5 gxf5 34. Bxf5 h6 35. gxh6 Rh8 36. Rxa8 Rxa8 37. Bxd7 Kxd7 38. Rg1 Rh8 39. Rg7+ Ke6 40. h7 Kf6 41. Rd7 Ke6 42. Rb7 Kf5 43. h5 Kg5 44. Ke4 Kxh5 45. Rxb6 Rxh7 46. Rxd6 Rb7 47. b5 Rc7 48. Kd5 Kg4 49. b6 Rb7 50. c5 Kf4 51. Rf6+ Kg5 52. Re6 Kf4 53. Rxe5 Rd7+ 54. Kc6 Rd1 55. Re6 1-0